Interpolation of spatial data : some theory for kriging
Αποθηκεύτηκε σε:
| Κύριος συγγραφέας: | |
|---|---|
| Μορφή: | Βιβλίο |
| Γλώσσα: | English |
| Δημοσίευση: |
New York :
Spinger,
c1999
|
| Σειρά: | Springer series in statistics
|
| Θέματα: | |
| Ετικέτες: |
Προσθήκη ετικέτας
Δεν υπάρχουν, Καταχωρήστε ετικέτα πρώτοι!
|
MARC
| LEADER | 00000nam a2200000 i 4500 | ||
|---|---|---|---|
| 001 | 1/47881 | ||
| 008 | 070709s1999 eng d | ||
| 020 | |a 0-387-98629-4 | ||
| 035 | |l 10088762 | ||
| 040 | |a GR-MY-UA |b gre |e aacr | ||
| 041 | 0 | |a eng | |
| 082 | 0 | |a 622.1015195 |2 (22) | |
| 100 | 1 | |a Stein, Michael Leonard. | |
| 245 | 1 | 0 | |a Interpolation of spatial data : |b some theory for kriging / |c Michael L. Stein |
| 260 | |a New York : |b Spinger, |c c1999 | ||
| 300 | |a xvii, 247 σ.; |b εικ.; |c 25 εκ. | ||
| 490 | 1 | |a Springer series in statistics | |
| 500 | |a Με 27 εικονογραφήματα | ||
| 504 | |a Περιέχει βιβλιογραφία (σ. [235]-242) και ευρετήριο | ||
| 650 | 0 | 0 | |a Kriging. |
| 830 | 0 | |a Springer series in statistics | |
| 852 | |a INST |b LESVOS |e 20070709 |h 622.1015195 STE |p 005100037939 |q 005100037939 |t BK |y 0 | ||
| 901 | |a BIBL1-2007-2 | ||
| 909 | |a Λ |b 135614 | ||
| 922 | |a 1ΕΛΗ |b 200706 |c ΕΠΕΑΕΚ2/ΤΓ |d ΠΑΠΑΣΩΤΗΡΙΟΥ | ||
| 970 | |a ΚΑΡΑ |b ΓΙΑΣΕΜΗ |z 2007/07/09 | ||